Harper Dennis Hobbs launch Britain's first ever vitality rankings (Record no. 84525)
[ view plain ]
| 000 -LEADER | |
|---|---|
| fixed length control field | 00979cab a22002415a 4500 |
| 001 - CONTROL NUMBER | |
| control field | L158185 |
| 008 - FIXED-LENGTH DATA ELEMENTS--GENERAL INFORMATION | |
| fixed length control field | 141007e2014 xxk 000 0 eng d |
| 035 ## - SYSTEM CONTROL NUMBER | |
| System control number | (Sirsi) u158185 |
| 041 0# - LANGUAGE CODE | |
| Language code of text/sound track or separate title | eng |
| 110 2# - MAIN ENTRY--CORPORATE NAME | |
| Corporate name or jurisdiction name as entry element | Harper Dennis Hobbs |
| 9 (RLIN) | 6141 |
| 245 00 - TITLE STATEMENT | |
| Title | Harper Dennis Hobbs launch Britain's first ever vitality rankings |
| Medium | [electronic resource] |
| 260 ## - PUBLICATION, DISTRIBUTION, ETC. | |
| Date of publication, distribution, etc. | 2014 |
| 490 ## - SERIES STATEMENT | |
| Series statement | HDH News Release |
| Volume/sequential designation | 7 October 2014 |
| 520 ## - SUMMARY, ETC. | |
| Summary, etc. | Ranks the UK's 500 retail centres by quality based on vitality ie the quality of their retail offer rather than by size with Westfield, Chelsea and Knightsbridge appearing in the top three places with Morecambe, Llanelli and Dudley at the bottom. |
| 590 ## - LOCAL NOTE (RLIN) | |
| Local note | KA |
| 650 24 - SUBJECT ADDED ENTRY--TOPICAL TERM | |
| Topical term or geographic name entry element | RANKINGS |
| 650 24 - SUBJECT ADDED ENTRY--TOPICAL TERM | |
| Topical term or geographic name entry element | RETAIL |
| 650 24 - SUBJECT ADDED ENTRY--TOPICAL TERM | |
| Topical term or geographic name entry element | VITALITY |
| 651 #4 - SUBJECT ADDED ENTRY--GEOGRAPHIC NAME | |
| Geographic name | United Kingdom |
| Chronological subdivision | |
| 690 ## - LOCAL SUBJECT ADDED ENTRY--TOPICAL TERM (OCLC, RLIN) | |
| Topical term or geographic name as entry element | Commercial property |
| 9 (RLIN) | 6227 |
| 856 40 - ELECTRONIC LOCATION AND ACCESS | |
| Uniform Resource Identifier | <a href="https://www.hdh.co.uk/uploads/properties/HDH_Vitality_Index.pdf">https://www.hdh.co.uk/uploads/properties/HDH_Vitality_Index.pdf</a> |
| Public note | View the item free of charge from the www.hdh.co.uk |
| 942 ## - ADDED ENTRY ELEMENTS (KOHA) | |
| Suppress in OPAC | 0 |
| Withdrawn status | Lost status | Source of classification or shelving scheme | Damaged status | Not for loan | Home library | Current library | Shelving location | Date acquired | Total Checkouts | Full call number | Barcode | Date last seen | Copy number | Price effective from | Koha item type |
|---|---|---|---|---|---|---|---|---|---|---|---|---|---|---|---|
| Dewey Decimal Classification | Virtual | Virtual | Online | 07/10/2014 | ONLINE PUBLICATION | 158185-2001 | 06/08/2019 | 1 | 06/08/2019 | Journal article |